Energy management principles : (Record no. 22168)

MARC details
000 -LEADER
fixed length control field 01619cam a22003735a 4500
001 - CONTROL NUMBER
control field 017626098
003 - CONTROL NUMBER IDENTIFIER
control field Uk
005 - DATE AND TIME OF LATEST TRANSACTION
control field 20160811143049.0
006 - FIXED-LENGTH DATA ELEMENTS--ADDITIONAL MATERIAL CHARACTERISTICS--GENERAL INFORMATION
fixed length control field m || d |
007 - PHYSICAL DESCRIPTION FIXED FIELD--GENERAL INFORMATION
fixed length control field cr |||||||||||
008 - FIXED-LENGTH DATA ELEMENTS--GENERAL INFORMATION
fixed length control field 151116s2016 ne a fr 001|0|eng|d
015 ## - NATIONAL BIBLIOGRAPHY NUMBER
National bibliography number GBB5G8883
Source bnb
020 ## - INTERNATIONAL STANDARD BOOK NUMBER
International Standard Book Number 0128025069
020 ## - INTERNATIONAL STANDARD BOOK NUMBER
International Standard Book Number 9780128025062
037 ## -
-- 9780128026441
-- Ingram Content Group
040 ## - CATALOGING SOURCE
Original cataloging agency StDuBDS
Language of cataloging eng
Transcribing agency StDuBDS
Modifying agency EG-ScBUE
Description conventions pn
082 04 - DEWEY DECIMAL CLASSIFICATION NUMBER
Edition number 22
Classification number 333.7916
Item number SMI
100 1# - MAIN ENTRY--PERSONAL NAME
Personal name Smith, Craig B.‏
9 (RLIN) 40739
245 10 - TITLE STATEMENT
Title Energy management principles :
Remainder of title applications, benefits, savings /
Statement of responsibility, etc Craig B. Smith, Kelly E. Parmenter.
250 ## - EDITION STATEMENT
Edition statement 2nd ed.
260 ## - PUBLICATION, DISTRIBUTION, ETC. (IMPRINT)
Place of publication, distribution, etc Amsterdam :
Name of publisher, distributor, etc Elsevier,
Date of publication, distribution, etc 2016.
300 ## - PHYSICAL DESCRIPTION
Extent xix, 410 p. :
Other physical details ill. ;
Dimensions 22 cm.
500 ## - GENERAL NOTE
General note Index : p. 397-410
505 0# - FORMATTED CONTENTS NOTE
Formatted contents note 1. Introduction -- 2. Catalysts for Energy Management -- 3. General Principles of Energy Management -- 4. Planning Energy Management Programs -- 5. Understanding Utility Rates and Programs -- 6. Building and Site Energy Audits -- 7. Energy Analysis -- 8. Management of Heating and Cooling -- 9. Lighting Management -- 10. Transportation -- 11. Management of Process Energy -- 12. Integrated Building Systems -- 13. The Economics of Efficient Energy Use-- 14. Implementation and Continuous Assessment.
650 #7 - SUBJECT ADDED ENTRY--TOPICAL TERM
Topical term or geographic name as entry element Energy conservation.
Source of heading or term BUEsh
650 #7 - SUBJECT ADDED ENTRY--TOPICAL TERM
Topical term or geographic name as entry element Power resources.
Source of heading or term BUEsh
9 (RLIN) 5869
651 ## - SUBJECT ADDED ENTRY--GEOGRAPHIC NAME
Source of heading or term BUEsh
653 ## - INDEX TERM--UNCONTROLLED
Resource For college Engineering, General
Arrived date list August 2016
700 1# - ADDED ENTRY--PERSONAL NAME
Personal name Parmenter, Kelly,
903 ## - LOCAL DATA ELEMENT C, LDC (RLIN)
a ELD.DS.44135
942 ## - ADDED ENTRY ELEMENTS (KOHA)
Source of classification or shelving scheme Dewey Decimal Classification
Edition 22
Call number prefix 333.7916 SMI
Holdings
Withdrawn status Item status Source of classification or shelving scheme Damaged status Not for loan Vendor Home library Current library Shelving location Date acquired Source of acquisition Cost, normal purchase price Serial Enumeration / chronology Total Checkouts Total Renewals Full call number Barcode Date last seen Date last borrowed Cost, replacement price Koha item type
    Dewey Decimal Classification     Baccah Central Library Central Library First floor 11/08/2016 Purchase 855.00 25843 1 1 333.7916 SMI 000033203 25/09/2025 22/06/2025 1068.75 Book - Borrowing